00750nam a2200193 a 45000010005000000030005000050050017000100080041000270400020000682450083000882600086001713000011002576500047002687000058003157100061003739420013004349990015004479520094004625610CDMR20131125175452.0130130s1969||||||||||||||||||||||||||||d aCDMRbcatcCDMR 0aTextos legalesb: Prensacbajo la dirección de Eduardo Martínez de Salinas aMadridc1969bMinisterio de Información y Turismo. Secretaria General Técnica a457 p.0494383aPremsaxDret i legislaciózEspanya1 94385aMartínez de Salinas y Mendoza, Eduardoecomp.1 94357aEspanyab -- Ministerio de Información y Turismo cMON2udc c5610d5610 00104070aCDMRbCDMRd2013-01-16l0oCg 1/15pCDMR13110082r2013-01-16w2013-01-16yMON